Statistics for AJR song lyrics

Click here to take the quiz!

General Stats

  • This quiz has been taken 480 times
    (368 since last reset)
  • The average score is 6 of 7

Answer Stats

LyricSong% Correct
Way up, way up oh no! We gon’ burn the whole house down!Burn The House Down
98%
100 bad days made 100 good stories100 Bad Days
98%
It don’t matter what my name is. I don’t got one, I’m not famous, no!I’m Not Famous
93%
Boy, oh boy, I love it when I fall for that!Weak
93%
You say I turned out fine, I think I’m just turning out.Turning Out
90%
I’ve been so good, I’ve been so good this year...Karma
90%
Everybody’s talking, everybody’s talkingDrama
80%

Score Distribution

Percentile by Number Answered

Percent of People with Each Score

Your Score History

You have not taken this quiz since the last reset